Para oírte mejor /

Guardado en:
Autor Principal: Franco, Guillermo
Formato: Deslizar
Series:SOS Vida
Materias:
Etiquetas: Agregar Etiqueta
Sin Etiquetas, Sea el primero en etiquetar este registro!
LEADER 00895ngm a22002895g 4500
001 CEM.cems021515
008 130507b1992##################0###0#####d
005 20240827140126.0
245 1 0 |a Para oírte mejor /  |c Guillermo Franco. 
300 |a 38 
490 0 |a SOS Vida 
500 |a En soporte VHS, consultar en ventanilla. 
505 0 |a Llamados gregarios. Percepción del ultrasonido. Oído en las aves, peces, mamíferos. 
538 |a Soporte: VHS - Norma: Pal N - Color - Grabación Drd 1992 - Hitachi=3115 
100 1 |a Franco, Guillermo 
082 5 9 |/ ESP 
653 |a ZOOLOGIA 
653 |a AVES 
653 |a MAMIFEROS 
653 |a PECES 
653 |a SENTIDOS 
653 |a OIDO ANIMAL 
653 |a COMPORTAMIENTO ANIMAL 
653 |a ANIMALES 
653 |a GREGARIO 
653 |a NIVEL SECUNDARIO 
859 |a CEMS  |b BIB. CEMS - Depto. Recursos Didacticos  |h 590  |i ESP  |k DRD  |p 158.12  |t Ej.1